[Event "Hamburg HSK DWZ op 1st"]
[Site "Hamburg"]
[Date "2002.09.27"]
[Round "1"]
[White "Haiber, Ralph"]
[Black "Finck, Peter Kristian"]
[Result "1-0"]
[WhiteElo "1897"]
[BlackElo "1499"]
[PlyCount "71"]
[EventDate "2002.09.??"]
[EventType "swiss"]
[EventRounds "5"]
[EventCountry "GER"]
[SourceTitle "EXT 2006"]
[Source "ChessBase"]
[SourceDate "2005.11.24"]
[SourceVersion "1"]
[SourceVersionDate "2005.11.24"]
[SourceQuality "1"]

1. d4 g6 2. e4 Bg7 3. c3 d6 4. Be3 Nf6 5. Bd3 Bg4 6. f3 Bd7 7. Ne2 0-0 8. Nd2 c6 9. 0-0 Qb6 10. b4 Re8 11. h3 Qc7 12. f4 e6 13. Nf3 Re7 14. g4 h6 15. Ng3 Nh7 16. Qd2 f6 17. Nh4 Be8 18. f5 g5 19. fxe6 Rxe6 20. Bc4 d5 21. exd5 Qxg3+ 22. Ng2 Rxe3 23. Qxe3 Qxe3+ 24. Nxe3 Bf7 25. Nf5 Kf8 26. dxc6 bxc6 27. Bd3 Bg6 28. Be4 a5 29. b5 Be8 30. Nd6 Ke7 31. Nxe8 Kxe8 32. bxc6 Ra7 33. Rab1 Nxc6 34. Bxc6+ Kd8 35. Rfe1 Nf8 36. Re8+ 1-0

[Event "Hamburg HSK DWZ op 1st"]
[Site "Hamburg"]
[Date "2002.09.27"]
[Round "2"]
[White "Salenko, Vadim"]
[Black "Haiber, Ralph"]
[Result "1-0"]
[WhiteElo "1706"]
[BlackElo "1897"]
[PlyCount "134"]
[EventDate "2002.09.??"]
[EventType "swiss"]
[EventRounds "5"]
[EventCountry "GER"]
[SourceTitle "EXT 2006"]
[Source "ChessBase"]
[SourceDate "2005.11.24"]
[SourceVersion "1"]
[SourceVersionDate "2005.11.24"]
[SourceQuality "1"]

1. d4 c5 2. dxc5 Nc6 3. Nf3 e5 4. e4 Bxc5 5. Nc3 d6 6. Bc4 Bg4 7. h3 Bh5 8. a3 h6 9. Qd3 Nge7 10. Be3 a6 11. Bxc5 dxc5 12. 0-0-0 Qc7 13. Nd5 Nxd5 14. Bxd5 0-0-0 15. g4 Bg6 16. Qe3 Nd4 17. Nxd4 exd4 18. Qb3 Bxe4 19. Bxe4 Qf4+ 20. Kb1 Qxe4 21. Qxf7 Rd7 22. Qc4 Rc7 23. Rde1 Qf3 24. Qe2 Rf8 25. Qe6+ Kb8 26. Qd6 Rff7 27. Re8+ Ka7 28. Rhe1 Rfd7 29. Qf8 Qxf8 30. Rxf8 Rf7 31. Rxf7 Rxf7 32. Re5 Kb6 33. Re6+ Kc7 34. Rg6 b6 35. Kc1 a5 36. a4 Kb7 37. Kd1 Ka6 38. Ke2 Rd7 39. b3 Re7+ 40. Kd3 Rf7 41. Ke2 Re7+ 42. Kf3 Rd7 43. Ke4 Re7+ 44. Kd3 Rf7 45. Ke2 Re7+ 46. Kf1 Rc7 47. f4 c4 48. bxc4 Rxc4 49. Rxg7 Rxa4 50. f5 Ra3 51. Ke2 Re3+ 52. Kf2 a4 53. Rd7 Rxh3 54. Rxd4 Kb5 55. Kg2 Rc3 56. f6 Rxc2+ 57. Kf3 Rc8 58. Ke3 a3 59. f7 Rf8 60. Rf4 a2 61. Rf1 Rxf7 62. Ra1 Ra7 63. Kd3 Kb4 64. Kc2 Ka3 65. Rh1 Rc7+ 66. Kd3 Rc6 67. Rg1 b5 1-0